Violent land: single men and social disorder from the frontier to the inner city
| Main Author: | |
|---|---|
| Format: | Print Book |
| Language: | English |
| Published: |
Cambridge, Mass. [u.a.]
Harvard Univ. Press
1996
|
| In: | Year: 1996 |
| Online Access: |
Table of Contents Table of Contents |
| Availability in Tübingen: | Present in Tübingen. UB: KB 19 A 5651 |
| Check availability: | HBZ Gateway |
| Subito Delivery Service: | Order now. |
| Keywords: |
MARC
| LEADER | 00000cam a2200000 c 4500 | ||
|---|---|---|---|
| 001 | 280135866 | ||
| 003 | DE-627 | ||
| 005 | 20260206200711.0 | ||
| 007 | tu | ||
| 008 | 970414s1996 xxu||||| 00| ||eng c | ||
| 020 | |a 0674278712 |c (pbk.) |9 0-674-27871-2 | ||
| 020 | |a 9780674278714 |c : (pbk.) |9 978-0-674-27871-4 | ||
| 020 | |a 0674278704 |9 0-674-27870-4 | ||
| 035 | |a (DE-627)280135866 | ||
| 035 | |a (DE-603)052609022 | ||
| 035 | |a (DE-576)058376755 | ||
| 035 | |a (DE-599)GBV280135866 | ||
| 035 | |a (OCoLC)246994808 | ||
| 035 | |a (OCoLC)832750775 | ||
| 035 | |a (OCoLC)34894344 | ||
| 035 | |a (DE-604)8112485626 | ||
| 040 | |a DE-627 |b ger |c DE-627 |e rakwb | ||
| 041 | |a eng | ||
| 044 | |c XD-US |c XA-GB | ||
| 050 | 0 | |a HN90.V5 | |
| 082 | 0 | |a 303.6/0973 | |
| 082 | 0 | |a 303.60973 | |
| 084 | |a 7,26 |2 ssgn | ||
| 084 | |a MS 1235 |2 rvk |0 (DE-625)rvk/123576: | ||
| 084 | |a 15.87 |2 bkl | ||
| 084 | |a 71.60 |2 bkl | ||
| 100 | 1 | |a Courtwright, David T. |d 1952- |0 (DE-588)143017969 |0 (DE-627)641849850 |0 (DE-576)160632234 |4 aut | |
| 109 | |a Courtwright, David T. 1952- |a Courtwright, David 1952- | ||
| 245 | 1 | 0 | |a Violent land |b single men and social disorder from the frontier to the inner city |c David T. Courtwright |
| 264 | 1 | |a Cambridge, Mass. [u.a.] |b Harvard Univ. Press |c 1996 | |
| 300 | |a XIII, 357 S. |b Ill. | ||
| 336 | |a Text |b txt |2 rdacontent | ||
| 337 | |a ohne Hilfsmittel zu benutzen |b n |2 rdamedia | ||
| 338 | |a Band |b nc |2 rdacarrier | ||
| 500 | |a ***Hier auch später erschienene, unveränderte Nachdrucke.***Unchanged reprints that were published later are included here.*** | ||
| 505 | 8 | |a Literaturangaben | |
| 583 | 1 | |a Archivierung prüfen |c 20200919 |f DE-640 |z 3 |2 pdager | |
| 583 | 1 | |a Archivierung prüfen |c 20240324 |f DE-4165 |z 2 |2 pdager | |
| 650 | 0 | |a Violence |z United States |x History | |
| 650 | 0 | |a Single men |z United States |x History | |
| 650 | 0 | |a Sex distribution (Demography) |z United States |x History | |
| 650 | 0 | |a Family demography |z United States |x History | |
| 650 | 0 | 7 | |0 (DE-588)4157237-3 |0 (DE-627)105502421 |0 (DE-576)209832878 |a Gewalttätigkeit |2 gnd |
| 650 | 0 | 7 | |0 (DE-588)4001240-2 |0 (DE-627)106397974 |0 (DE-576)208841849 |a Alleinstehender |2 gnd |
| 651 | 0 | |a United States |x Moral conditions |x History | |
| 651 | 7 | |0 (DE-588)4078704-7 |0 (DE-627)106076612 |0 (DE-576)209209682 |a Usa |2 gnd | |
| 689 | 0 | 0 | |d g |0 (DE-588)4078704-7 |0 (DE-627)106076612 |0 (DE-576)209209682 |a USA |2 gnd |
| 689 | 0 | 1 | |d s |0 (DE-588)4157237-3 |0 (DE-627)105502421 |0 (DE-576)209832878 |a Gewalttätigkeit |2 gnd |
| 689 | 0 | 2 | |d s |0 (DE-588)4001240-2 |0 (DE-627)106397974 |0 (DE-576)208841849 |a Alleinstehender |2 gnd |
| 689 | 0 | |5 (DE-627) | |
| 689 | 1 | 0 | |d g |0 (DE-588)4078704-7 |0 (DE-627)106076612 |0 (DE-576)209209682 |a USA |2 gnd |
| 689 | 1 | 1 | |d s |0 (DE-588)4243608-4 |0 (DE-627)104104562 |0 (DE-576)210455977 |a Geschlechterverhältnis |g Demographie |2 gnd |
| 689 | 1 | 2 | |d s |0 (DE-588)4001240-2 |0 (DE-627)106397974 |0 (DE-576)208841849 |a Alleinstehender |2 gnd |
| 689 | 1 | 3 | |d s |0 (DE-588)4157237-3 |0 (DE-627)105502421 |0 (DE-576)209832878 |a Gewalttätigkeit |2 gnd |
| 689 | 1 | 4 | |a z |2 gnd |a Geschichte |
| 689 | 1 | |5 (DE-627) | |
| 856 | 4 | 2 | |u http://www.gbv.de/dms/hbz/toc/ht007539821.pdf |m V:DE-605 |q pdf/application |v 2008-11-15 |x Verlag |y Inhaltsverzeichnis |3 Inhaltsverzeichnis |7 1 |
| 856 | 4 | 2 | |u http://scans.hebis.de/HEBCGI/show.pl?05260902_toc.pdf |m V:DE-605 |q application/pdf |3 Inhaltsverzeichnis |7 1 |
| 889 | |w (DE-627)213189569 | ||
| 935 | |a MZUSA | ||
| 935 | |i mdedup | ||
| 935 | |i Blocktest | ||
| 935 | |h HEB |i 0501 | ||
| 935 | |h HEB |i 0503 | ||
| 936 | r | v | |a MS 1235 |b Nordamerika |k Soziologie |k Spezielle Soziologien |k Analysen einzelner Länder |k Außereuropa |k Nordamerika |0 (DE-627)1271132982 |0 (DE-625)rvk/123576: |0 (DE-576)201132982 |
| 936 | b | k | |a 15.87 |j USA |x Geschichte |0 (DE-627)181569760 |
| 936 | b | k | |a 71.60 |j Soziale Fragen |j soziale Konflikte: Allgemeines |0 (DE-627)106412213 |
| 936 | s | n | |a m200 |2 mzub |
| 951 | |a BO | ||
| ELC | |b 1 | ||
| LOK | |0 000 xxxxxcx a22 zn 4500 | ||
| LOK | |0 001 3180013710 | ||
| LOK | |0 003 DE-627 | ||
| LOK | |0 004 280135866 | ||
| LOK | |0 005 19970513000000 | ||
| LOK | |0 008 970422||||||||||||||||ger||||||| | ||
| LOK | |0 040 |a DE-21 |c DE-627 |d DE-21 | ||
| LOK | |0 852 |a DE-21 | ||
| LOK | |0 852 1 |c KB 19 A 5651 |9 00 | ||
| LOK | |0 935 |a krim | ||
| LOK | |0 936ln |a k10.10.6 | ||
| LOK | |0 939 |a 22-04-97 |b l01 | ||
| ORI | |a SA-MARC-krimdoka001.raw | ||
| SIG | |a UB: KB 19 A 5651 | ||
